| 000 | 01260nam a22002897a 4500 | ||
|---|---|---|---|
| 001 | 8841 | ||
| 003 | FISKH | ||
| 005 | 20251022151009.0 | ||
| 008 | 251022b cb ||||| |||| 00| 0 eng d | ||
| 040 |
_aFISKH _bkhr _cFISKH _dFISKH |
||
| 050 | _aPZ7 | ||
| 082 | _a895 | ||
| 100 | _aMinistry of Education, Youth and Sports | ||
| 245 |
_aខ្ញុំឃើញច្បាស់ / _cក្រសួងអប់រំ យុវជន និង កីឡា |
||
| 260 |
_aភ្នំពេញ : _bក្រសួងអប់រំ យុវជន និង កីឡា , _c២០២០ . |
||
| 300 |
_a8 pages : _bcolor illustrations ; _c30 cm . |
||
| 505 | _aH | ||
| 520 | _aកុមារម្នាក់សួរទៅកាន់កុមារម្នាក់ទៀតថាតើគេមើលឃើញច្បាស់ដែរទេ ? | ||
| 520 | _a"One child asked another child whether he could see clearly." | ||
| 521 | 8 |
_a400
_bLexile estimate |
|
| 521 | 8 |
_aH
_bRaz-Plus |
|
| 650 |
_aខ្ញុំឃើញច្បាស់ _vរឿងនិទានកុមារ |
||
| 650 |
_aI can see clearly _vChildren's Stories |
||
| 700 |
_aThouk Na , Sin _eIllustrator |
||
| 942 |
_2ddc _cKHB _n0 |
||
| 999 |
_c8841 _d8841 |
||